| 000 | 00969nam a22003017a 4500 | ||
|---|---|---|---|
| 003 | CHAP | ||
| 005 | 20220329141532.0 | ||
| 008 | 971013s1985 r 00010 d | ||
| 010 | _a69767 | ||
| 011 | _a70739 | ||
| 035 | _a80292 | ||
| 040 | _cCHAP | ||
| 090 | _aFolleto 10577 | ||
| 100 | 0 | 0 |
_aJohnson, Dennis A. _961804 |
| 245 | _aField guide to sweet cherry diseases in Washington | ||
| 260 |
_aPullman, Washington : _bWashington State University. College of Agriculture & Home Economics, _c1985 |
||
| 300 |
_a55 p. _b: ilus. |
||
| 490 |
_aCooperative extension _v; EB 1323 |
||
| 500 | _aD18-47 | ||
| 590 |
_aBATCH-UPD _b10 _c20130109 _lUCH01 _h2342 |
||
| 590 |
_aBATCH-UPD _b10 _c20130110 _lUCH01 _h0803 |
||
| 590 |
_aCONVERSION _b10 _c20130109 _lUCH01 _h1338 |
||
| 650 | 1 | 4 |
_aCiruela _xEnfermedades. _923408 |
| 830 | 0 |
_aCooperative extension _v; EB 1323 _927779 |
|
| 901 | _aBK | ||
| 942 | _cFOLL | ||
| 949 |
_aFolleto 10577 _bBC _cFOLL _d-33194 _eTS1 _i80292 _si _t3.30 |
||
| 999 |
_c69767 _d69767 |
||